Пейзаж как жанр современной живописи в художественной критике А. Н. Майкова; Вестник Томского государственного университета. Культурология и искусствоведение; № 34

Dades bibliogràfiques
Parent link:Вестник Томского государственного университета. Культурология и искусствоведение.— , 2011-
№ 34.— 2019.— [С. 61-72]
Autor principal: Седельникова О. В. Ольга Викторовна
Autor corporatiu: Национальный исследовательский Томский политехнический университет Школа базовой инженерной подготовки Отделение русского языка
Sumari:Заглавие с экрана
В статье представлена первая попытка изучения концепции пейзажа как актуального жанра живописи в цикле статей А.Н. Майкова о выставках в Императорской Академии художеств. Установлено, что впервые в истории российского искусствознания критик ставит вопрос о необходимости нового понимания традиционных категорий формальной эстетики, отвечающего художественной практике, творческим поискам представителей современного искусства. Майков предпринимает одну из первых в истории европейской эстетической мысли попыток научной трактовки пейзажа, закладывая тем самым традиции рефлексии о жанрах изобразительного искусства.
Idioma:rus
Publicat: 2019
Col·lecció:Культурология, теория и история культуры
Matèries:
Accés en línia:http://dx.doi.org/10.17223/22220836/34/6
Format: Electrònic Capítol de llibre
KOHA link:https://koha.lib.tpu.ru/cgi-bin/koha/opac-detail.pl?biblionumber=662977

MARC

LEADER 00000naa0a2200000 4500
001 662977
005 20250421114843.0
035 |a (RuTPU)RU\TPU\network\34145 
090 |a 662977 
100 |a 20210118d2019 k||y0rusy50 ca 
101 0 |a rus 
102 |a RU 
135 |a drcn ---uucaa 
181 0 |a i  
182 0 |a b 
200 1 |a Пейзаж как жанр современной живописи в художественной критике А. Н. Майкова  |d Landscape as a genre of modern painting in A.N. Maikov's art criticism  |f О. В. Седельникова 
203 |a Текст  |c электронный 
225 1 |a Культурология, теория и история культуры 
300 |a Заглавие с экрана 
320 |a [Библиогр.: 25 назв.] 
330 |a В статье представлена первая попытка изучения концепции пейзажа как актуального жанра живописи в цикле статей А.Н. Майкова о выставках в Императорской Академии художеств. Установлено, что впервые в истории российского искусствознания критик ставит вопрос о необходимости нового понимания традиционных категорий формальной эстетики, отвечающего художественной практике, творческим поискам представителей современного искусства. Майков предпринимает одну из первых в истории европейской эстетической мысли попыток научной трактовки пейзажа, закладывая тем самым традиции рефлексии о жанрах изобразительного искусства. 
461 |t Вестник Томского государственного университета. Культурология и искусствоведение  |d 2011- 
463 |t № 34  |v [С. 61-72]  |d 2019 
510 1 |a Landscape as a genre of modern painting in A.N. Maikov's art criticism  |z eng 
610 1 |a электронный ресурс 
610 1 |a труды учёных ТПУ 
610 1 |a пейзаж 
610 1 |a жанры 
610 1 |a выставки 
610 1 |a литературная критика 
700 1 |a Седельникова  |b О. В.  |c лингвист  |c профессор Томского политехнического университета, доктор филологических наук  |f 1972-  |g Ольга Викторовна  |3 (RuTPU)RU\TPU\pers\24608  |9 10898 
712 0 2 |a Национальный исследовательский Томский политехнический университет  |b Школа базовой инженерной подготовки  |b Отделение русского языка  |3 (RuTPU)RU\TPU\col\23517 
801 2 |a RU  |b 63413507  |c 20210118  |g RCR 
850 |a 63413507 
856 4 |u http://dx.doi.org/10.17223/22220836/34/6 
942 |c CF